|
|
|
|
| LEADER |
01035nam a22002417a 4500 |
| 001 |
33712 |
| 003 |
BD-DhAAL |
| 005 |
20180911163150.0 |
| 008 |
180911t2018 bg ar f0 a0eng d |
| 999 |
|
|
|c 39997
|d 39997
|
| 040 |
|
|
|a BD-DhAAL
|c BD-DhAAL
|
| 082 |
0 |
0 |
|a 354.549200722
|2 22
|
| 245 |
0 |
0 |
|a Annual Budget 2018-2019 :
|b annual financial statement
|
| 260 |
|
|
|a Dhaka :
|b Ministry of Finance, Finance Division, Government of the People's Republic of Bangladesh,
|c 2018
|
| 300 |
|
|
|a 26 pages :
|b illustrations ;
|c 25 cm.
|
| 515 |
|
|
|a Report based on fiscal year.
|
| 526 |
|
|
|a AAL
|
| 541 |
|
|
|a Development Book Agency
|e 33712
|
| 650 |
|
0 |
|a Budget
|z Bangladesh
|9 21804
|
| 710 |
2 |
|
|a Government of the People's Republic of Bangladesh,
|b Ministry of Finance,
|b Finance Division.
|9 21805
|
| 852 |
1 |
|
|a Ayesha Abed Library
|j General Stacks
|
| 942 |
|
|
|2 ddc
|c BK
|
| 952 |
|
|
|0 0
|1 0
|2 ddc
|4 0
|6 354_549200722000000_ANN
|7 0
|9 64281
|a BRACUL
|b BRACUL
|c GEN
|d 2018-08-28
|e Development Book Agency
|g 60.00
|l 0
|o 354.549200722 ANN
|p 3010033712
|r 2018-08-28
|t 1
|v 60.00
|w 2018-08-28
|y BK
|